[Event "Stockholm Chess Challenge 2019"]
[Site "Stockholm"]
[Date "2019.04.28"]
[Round "5.8"]
[White "Wernberg, Hugo"]
[Black "Trost, Edvin"]
[Result "0-1"]
[WhiteElo "2009"]
[BlackElo "2075"]
[Annotator "NA"]
[PlyCount "134"]
[EventDate "2019.04.26"]
[EventType "swiss"]
[EventCountry "SWE"]
[SourceTitle "playchess.com"]
[Source "ChessBase"]
[SourceQuality "1"]
[TimeControl "40/5400+30:900+30"]

1. e4 {[%emt 0:00:00]} c5 {[%emt 0:00:24]} 2. Nf3 {[%emt 0:00:00]} e6 {[%emt 0:00:19]} 3. d4 {[%emt 0:00:00]} cxd4 {[%emt 0:00:52]} 4. Nxd4 {[%emt 0:00:00]} a6 {[%emt 0:00:03]} 5. Nc3 {[%emt 0:00:14]} Qc7 {[%emt 0:00:01]} 6. Be3 {[%emt 0:00:13]} Nf6 {[%emt 0:00:42]} 7. a3 {[%emt 0:00:10]} b5 {[%emt 0:00:25]} 8. f3 {[%emt 0:00:56] B43: Sicilian: Kan Variation: 5 Nc3} (8. Bd3 Bb7 9. Qf3 d6 10. Qg3 Nbd7 11. O-O h5 12. h3 h4 13. Qf3 Be7 14. Nb3 d5 15. Bf4 e5 {0-1 (31) Escobar Medina,A (2343)-Iturrizaga Bonelli,E (2663) Medellin 2017}) 8... Bb7 {[%emt 0:00:06]} 9. Qd2 {[%emt 0:00:25]} Nc6 {[%emt 0:00:55]} 10. Nxc6 {[%emt 0:02:31]} dxc6 {[%emt 0:02:10]} 11. O-O-O {[%emt 0:02:09]} Be7 {[%emt 0:00:30]} 12. Qf2 $146 {[%emt 0:08:30]} ({Predecessor:} 12. Bf4 e5 13. Be3 O-O 14. Qf2 c5 15. Bg5 b4 16. Bxf6 bxc3 17. Bxe7 cxb2+ {0-1 (63) Munguia,J-Velasquez,R (1924) Managua 2016}) 12... e5 {[%emt 0:03:18]} 13. Bb6 {[%emt 0:02:15]} Qb8 {[%emt 0:00:35]} 14. Bc5 {[%emt 0:00:48]} Bxc5 {[%emt 0:15:53]} 15. Qxc5 {[%emt 0:00:23]} Nd7 {[%emt 0:00:42]} 16. Qe3 {[%emt 0:11:26]} Nf8 {[%emt 0:00:43]} 17. g3 {[%emt 0:07:34]} Ne6 {[%emt 0:05:04]} 18. Bh3 {[%emt 0:00:37]} Nd4 {[%emt 0:03:18]} 19. f4 {[%emt 0:04:52]} c5 {[%emt 0:05:21]} 20. Nd5 {[%emt 0:03:56]} O-O {[%emt 0:01:50]} 21. c3 {[%emt 0:15:22]} Bxd5 {[%emt 0:01:14]} 22. exd5 {[%emt 0:00:35]} exf4 {[%emt 0:00:15]} 23. Qf2 {[%emt 0:06:30]} fxg3 {[%emt 0:00:39]} 24. hxg3 {[%emt 0:00:10]} Qxg3 {[%emt 0:01:24]} 25. Qxg3 {[%emt 0:00:04]} Ne2+ {[%emt 0:00:06]} 26. Kc2 {[%emt 0:00:10]} Nxg3 {[%emt 0:00:04]} 27. Rhe1 {[%emt 0:00:45]} Rfe8 {[%emt 0:01:58]} 28. d6 {[%emt 0:01:35]} Rxe1 {[%emt 0:00:59]} 29. Rxe1 {[%emt 0:00:03]} Rd8 {[%emt 0:00:30]} 30. d7 {[%emt 0:01:25]} Kf8 {[%emt 0:00:22]} 31. Re5 {[%emt 0:02:44]} c4 {[%emt 0:00:34]} 32. a4 {[%emt 0:01:06]} g6 {[%emt 0:02:44]} 33. axb5 {[%emt 0:01:01]} axb5 {[%emt 0:00:01]} 34. Rxb5 {[%emt 0:01:55]} f5 {[%emt 0:00:12]} 35. Rc5 {[%emt 0:00:39]} Rxd7 {[%emt 0:00:28]} 36. Rxc4 {[%emt 0:00:03]} h5 {[%emt 0:02:50]} 37. b4 {[%emt 0:03:39]} g5 {[%emt 0:17:39]} 38. Bg2 {[%emt 0:10:19]} Rd6 {[%emt 0:08:48]} 39. b5 {[%emt 0:04:35]} Rb6 {[%emt 0:01:49]} 40. Rc8+ {[%emt 0:03:40]} Ke7 {[%emt 0:00:01]} 41. c4 {[%emt 0:16:00]} Kd7 {[%emt 0:16:19]} 42. Rg8 {[%emt 0:03:10]} g4 {[%emt 0:04:05]} 43. Kb3 {[%emt 0:02:18]} h4 {[%emt 0:00:43]} 44. Kb4 {[%emt 0:01:13]} Rh6 {[%emt 0:01:00]} 45. Bc6+ {[%emt 0:00:00]} Rxc6 {[%emt 0:00:00]} 46. Rg7+ {[%emt 0:00:00]} Kd8 {[%emt 0:00:00]} 47. bxc6 {[%emt 0:00:00]} h3 {[%emt 0:00:00]} 48. Rh7 {[%emt 0:00:00]} Ne4 {[%emt 0:00:00]} 49. c7+ {[%emt 0:00:00]} Kc8 {[%emt 0:00:00]} 50. Kb5 {[%emt 0:00:00]} Nf6 {[%emt 0:00:00]} 51. Rh6 {[%emt 0:00:00]} Kxc7 {[%emt 0:00:00]} 52. c5 {[%emt 0:01:42]} f4 {[%emt 0:00:00]} 53. c6 $2 {[%emt 0:00:51]} (53. Rxf6 $11 {and White stays safe.} h2 54. Rf7+ Kd8 55. Rh7) 53... g3 $2 {[%emt 0:00:00]} (53... Ne8 $19 54. Rh8 Nf6) 54. Rxf6 {[%emt 0:00:30]} h2 {[%emt 0:00:00]} (54... g2 $5 55. Rf7+ $8 Kc8 56. Rf8+ Kc7 57. Rf7+ Kd6 58. Rd7+ Ke5 $11) 55. Rf7+ {[%emt 0:00:07]} Kd6 {[%emt 0:00:00]} 56. Rh7 {[%emt 0:02:11]} g2 {[%emt 0:00:00]} 57. Rh6+ {[%emt 0:00:14]} Ke5 {[%emt 0:01:24]} 58. c7 {[%emt 0:00:29]} h1=Q {[%emt 0:00:30]} 59. Re6+ {[%emt 0:00:32]} Kf5 {[%emt 0:02:47]} 60. c8=Q {[%emt 0:00:31]} Qb1+ {[%emt 0:00:13]} 61. Ka6 {[%emt 0:00:57]} Qa2+ {[%emt 0:00:25]} 62. Kb7 {[%emt 0:00:11]} Qxe6 {[%emt 0:00:16]} 63. Qc5+ {[%emt 0:00:14]} Kg4 {[%emt 0:00:15]} 64. Qf2 {[%emt 0:00:39]} Qe4+ {[%emt 0:00:06]} 65. Kc8 {[%emt 0:00:19]} Qf3 {[%emt 0:00:17]} 66. Qc2 {[%emt 0:00:18]} Qh3 {[%emt 0:00:26]} 67. Kc7 {[%emt 0:00:47]} Kg3 {[%emt 0:00:35]} 0-1

[Event "Stockholm Chess Challenge 2019"]
[Site "Stockholm"]
[Date "2019.04.28"]
[Round "5.9"]
[White "Crevatin, Leo"]
[Black "Jeferli, MohammedAli"]
[Result "1-0"]
[WhiteElo "2208"]
[BlackElo "1881"]
[Annotator "NA"]
[PlyCount "39"]
[EventDate "2019.04.26"]
[EventType "swiss"]
[EventCountry "SWE"]
[SourceTitle "playchess.com"]
[Source "ChessBase"]
[SourceQuality "1"]
[TimeControl "40/5400+30:900+30"]

1. d4 {[%emt 0:00:00]} Nf6 {[%emt 0:00:15]} 2. c4 {[%emt 0:00:35]} e6 {[%emt 0:00:05]} 3. g3 {[%emt 0:00:04]} Bb4+ {[%emt 0:00:23]} 4. Nd2 {[%emt 0:00:19]} c5 {[%emt 0:01:46]} 5. a3 {[%emt 0:00:08]} Bxd2+ {[%emt 0:00:07]} 6. Qxd2 {[%emt 0:00:04]} cxd4 {[%emt 0:07:28]} 7. Nf3 {[%emt 0:03:54]} b6 {[%emt 0:03:31]} 8. Qxd4 {[%emt 0:03:03]} O-O {[%emt 0:06:20]} 9. Bg2 {[%emt 0:00:30]} Bb7 {[%emt 0:01:04]} 10. Bg5 {[%emt 0:06:23]} Nc6 {[%emt 0:00:17]} 11. Qh4 {[%emt 0:06:31]} Na5 {[%emt 0:01:38] [#]} 12. b4 $1 {[%emt 0:04:48]} Nc6 {[%emt 0:01:27]} 13. Rd1 {[%emt 0:06:47]} Rb8 {[%emt 0:04:37] [#]} 14. O-O $1 {[%emt 0:02:09]} Qe7 {[%emt 0:00:38]} 15. b5 {[%emt 0:02:32]} Na5 {[%emt 0:00:45] [#]} 16. Ne5 $18 {[%emt 0:00:52]} d6 {[%emt 0:03:03]} 17. Ng4 {[%emt 0:00:37]} Bxg2 {[%emt 0:01:55]} 18. Bxf6 {[%emt 0:05:05]} gxf6 {[%emt 0:02:31]} 19. Kxg2 {[%emt 0:01:25]} Kg7 {[%emt 0:01:32]} 20. Qh6+ {[%emt 0:00:08]} 1-0

[Event "Stockholm Chess Challenge 2019"]
[Site "Stockholm"]
[Date "2019.04.29"]
[Round "6.1"]
[White "Maiorov, Nikita"]
[Black "Blomqvist, Erik"]
[Result "1-0"]
[WhiteElo "2540"]
[BlackElo "2496"]
[Annotator "TA"]
[PlyCount "75"]
[EventDate "2019.04.26"]
[EventType "swiss"]
[EventCountry "SWE"]
[SourceTitle "playchess.com"]
[Source "ChessBase"]
[SourceQuality "1"]

{[%evp 14,75,33,33,43,32,38,8,18,12,25,-4,17,17,13,18,15,18,25,0,45,13,13,13,16,-11,14,-26,37,6,74,69,72,70,76,71,66,68,75,75,120,127,134,133,419,390,693,696,810,779,745,707,1186,1120,1285,1197,1975,1935,1343,1366,2493,2316,29982,29982]} 1. d4 d5 2. c4 c6 3. Nc3 Nf6 4. e3 g6 5. Nf3 Bg7 6. Be2 O-O 7. O-O Bg4 8. h3 Bxf3 {D94: Grünfeld: 4 Nf3 Bg7 5 e3} 9. Bxf3 dxc4 (9... e6 10. b3 Nbd7 11. Bb2 Nb6 12. Qe2 Nc8 13. Rfd1 Nd6 14. Rac1 Re8 15. g3 h5 16. h4 Nf5 17. Qd3 Qd6 18. e4 dxe4 19. Bxe4 {0-1 (52) Le,Q (2718)-Artemiev,V (2653) Almaty 2016}) 10. Qe2 Nbd7 {The position is equal.} 11. Qxc4 e5 12. Qb3 exd4 13. exd4 Nb6 14. Rd1 Qd7 15. Bf4 $146 ({Predecessor:} 15. a4 Nbd5 16. a5 {½-½ (38) Kizilkus,A (2100)-Gonullu,M (1815) Antalya 2019}) 15... Rfe8 16. Bg3 Nfd5 17. Ne4 f5 18. Nc5 Qf7 19. a4 a5 (19... f4 $5 {[%cal Rf4g3]} 20. Bh4 a5 $11) 20. Rac1 Ra7 (20... f4 $11 21. Bh2 Re7) 21. Bd6 Bf6 (21... Nb4 $11 {remains equal.}) 22. Re1 $16 {Strongly threatening Rxe8+.} Raa8 23. Be5 Bg5 {[#]} 24. Rcd1 $1 Re7 25. Bd6 Rxe1+ $1 26. Rxe1 Bf6 {[#]} 27. Be5 $1 $36 {[%cal Re5f6][%mdl 2048] White is really pushing.} Bd8 28. g4 Ra7 $2 {[%mdl 8192]} (28... Bh4 $16) 29. gxf5 $18 gxf5 $2 (29... Nb4 30. Bb8 Qxb3 31. Nxb3 Ra8) 30. Kh2 Bc7 31. Rg1+ Kf8 32. Bxd5 Nxd5 33. Qg3 b6 34. Bxc7 bxc5 35. Bd6+ Ke8 36. Qe5+ Kd8 37. Bxc5 Rb7 38. Qh8+ {Accuracy: White = 61%, Black = 26%.} 1-0

[Event "Stockholm Chess Challenge 2019"]
[Site "Stockholm"]
[Date "2019.04.29"]
[Round "6.2"]
[White "Stupak, Kirill"]
[Black "Kucuksari, Kaan"]
[Result "1-0"]
[WhiteElo "2547"]
[BlackElo "2301"]
[Annotator "TA"]
[PlyCount "36"]
[EventDate "2019.04.26"]
[EventType "swiss"]
[EventCountry "SWE"]
[SourceTitle "playchess.com"]
[Source "ChessBase"]
[SourceQuality "1"]

{[%evp 9,36,0,0,0,-2,-8,0,-11,16,-15,-12,-31,-18,-55,-58,-69,-41,-42,-38,-52,-29,-44,-46,-92,-45,-90,-95,-96,-99]} 1. d4 Nf6 2. c4 e6 3. g3 Bb4+ 4. Nc3 d5 5. Bg2 O-O 6. a3 {E20: Nimzo-Indian: 4 g3 and 4 f3} (6. Nf3 dxc4 7. O-O Nc6 8. Qa4 Nd5 9. Qc2 Be7 10. Rd1 Bd7 11. e4 Ncb4 12. Qd2 Nb6 13. Ne5 Nc6 14. Nxc6 Bxc6 15. Qc2 f5 {1-0 (62) Caruana,F (2822)-So,W (2780) Saint Louis 2018}) 6... Bxc3+ 7. bxc3 c5 8. cxd5 {The position is equal.} Nxd5 9. Qd3 cxd4 $146 ({Predecessor:} 9... Nc6 10. e4 Nf6 11. Ne2 cxd4 12. cxd4 Bd7 13. O-O Rc8 {½-½ (38) Czaplewska,K (1873)-Kasperek,J (2051) Jastrzebia Gora 2018}) 10. cxd4 b6 11. e4 Ba6 12. Qd1 Ne7 (12... Nc3 $5 {[%cal Rc3d1]} 13. Qc2 Nb5 $15) 13. Ne2 Nbc6 14. Be3 Qd6 15. Qa4 Na5 16. Bd2 Rad8 17. Rd1 Nec6 {[#] Hoping for ...Bxe2.} 18. Bxa5 Nxa5 {[%mdl 32768] Accuracy: White = 35%, Black = 56%. . Loss on time!?} 1-0

[Event "Stockholm Chess Challenge 2019"]
[Site "Stockholm"]
[Date "2019.04.29"]
[Round "6.3"]
[White "Jogstad, Martin"]
[Black "Seo, Jung Min"]
[Result "0-1"]
[WhiteElo "2267"]
[BlackElo "2386"]
[Annotator "TA"]
[PlyCount "84"]
[EventDate "2019.04.26"]
[EventType "swiss"]
[EventCountry "SWE"]
[SourceTitle "playchess.com"]
[Source "ChessBase"]
[SourceQuality "1"]

{[%evp 9,106,17,31,20,16,20,20,6,16,0,13,12,16,7,12,12,41,37,48,24,52,47,61,0,0,-50,0,-9,17,0,0,-11,-12,-27,-25,-25,-21,-25,-21,-32,-30,-25,-26,-32,-27,-29,-22,-43,-25,-46,0,-9,-9,-7,-5,-7,0,0,0,0,0,0,0,0,0,0,0,-8,0,-38,-38,-261,-267,-247,-256,-252,-248,-308,-260,-443,-437,-497,-502,-494,-494,-467,-467,-470,-442,-785,-781,-777,-749,-618,-426,-29984,-29985,-29989,-29990]} 1. d4 Nf6 2. c4 b6 3. Nf3 Bb7 4. e3 (4. g3 g6 5. Bg2 Bg7 6. O-O O-O 7. Qc2 e6 8. Nc3 d5 9. Ne5 c6 10. Rd1 Nbd7 11. e4 dxe4 12. Nxe4 Nxe4 13. Bxe4 Qc7 14. Nxd7 Qxd7 15. Be3 {1-0 (47) Xiong,J (2672)-Mamedyarov,S (2817) chess.com INT 2019}) 4... g6 5. Be2 Bg7 6. O-O {A50: Queen's Fianchetto Defence (1 d4 Nf6 2 c4 b6)} O-O 7. Nc3 e6 8. a3 {The position is equal.} a5 9. Bd2 $146 ({Predecessor:} 9. Qc2 d5 10. Nd2 Na6 11. Rd1 Qe7 12. b3 c5 13. dxc5 bxc5 14. Nb5 {½-½ (22) Lebrun,R (1965)-Choate,P (2050) Brussels 2008}) 9... Na6 10. Rc1 d6 11. Qc2 c5 12. Rfd1 cxd4 13. exd4 d5 14. b3 Rc8 15. Bg5 h6 16. Bxf6 (16. Bf4 $14) 16... Bxf6 $11 17. cxd5 exd5 18. Qd2 Kg7 19. Nb5 Qe7 20. Bf1 Nc7 21. Nxc7 Rxc7 22. Re1 Qd6 23. Rxc7 Qxc7 24. Rc1 Qd6 25. b4 Ra8 26. Qb2 axb4 27. axb4 Bc6 28. b5 Be8 29. Ne5 Be7 30. Ra1 Rxa1 31. Qxa1 f6 32. Ng4 Bf7 33. Qc1 h5 34. Ne3 $1 f5 $36 {[%mdl 2048] Black has some pressure.} 35. g3 f4 36. Ng2 fxg3 37. hxg3 Bf6 38. Qc6 Qd8 39. Nf4 Bxd4 {White must now prevent ...h4.} 40. Qxg6+ $2 {[#]} ({White should play} 40. Ne6+ $15 Bxe6 41. Qxe6) 40... Bxg6 $19 41. Ne6+ Kf6 42. Nxd8 {[%mdl 4096] Endgame KBB-KBN} Bc3 {Played: Bd4-c5} 0-1

[Event "Stockholm Chess Challenge 2019"]
[Site "Stockholm"]
[Date "2019.04.29"]
[Round "6.4"]
[White "Sorensen, Hampus"]
[Black "Siddharth, Jagadeesh"]
[Result "1/2-1/2"]
[WhiteElo "2319"]
[BlackElo "2132"]
[Annotator "TA"]
[PlyCount "124"]
[EventDate "2019.04.26"]
[EventType "swiss"]
[EventCountry "SWE"]
[SourceTitle "playchess.com"]
[Source "ChessBase"]
[SourceQuality "1"]

{[%evp 17,124,8,1,-8,-8,-9,0,-8,-5,-14,51,50,44,51,102,110,117,106,113,96,122,109,140,137,151,147,141,141,141,72,101,15,24,-9,-11,-56,-61,-48,-45,-93,-84,-92,-88,-90,-98,-93,-83,-89,-101,-98,-29,-28,-28,-36,-15,-27,-16,-20,-8,-39,0,-4,0,0,0,0,0,0,0,-33,0,0,8,-40,0,0,8,8,8,8,36,0,0,0,0,0,0,0,0,0,0,0,0,0,0,0,0,0,0,0,0,0,0,0,0,0,0,0,2036]} 1. d4 Nf6 2. c4 e6 3. Nf3 d5 4. Bg5 Be7 5. e3 O-O 6. Qc2 h6 7. Bxf6 Bxf6 8. Nc3 c5 9. dxc5 dxc4 10. Ne4 {D55: Queen's Gambit Declined: 4 Bg5 Be7: Lines without ...h6 and 6...h6 7 Bxf6} (10. Bxc4 Nd7 11. Rd1 Qa5 12. O-O Bxc3 13. bxc3 Qxc5 14. Rd4 Nf6 15. Bb3 b6 16. Rfd1 Bb7 17. Ne1 Rac8 {½-½ (28) Mamedyarov,S (2817)-Jakovenko,D (2735) St Petersburg 2018}) 10... Nd7 11. Bxc4 Nxc5 12. Nxf6+ Qxf6 13. O-O {[#]} Nd7 $146 ({Black should play} 13... a5 $11) ({Predecessor:} 13... Bd7 14. Rfd1 Rfc8 15. Qe2 a6 16. Rd4 b5 17. Bb3 e5 {½-½ (35) Halkias,S (2548)-Atalik,S (2561) Kavala 2005}) 14. Rfd1 $14 Nb6 15. Bb5 $36 {[%mdl 2048] White is more active.} e5 {[#]} (15... Nd5 $14) 16. Qe4 $1 $16 a6 17. Bd3 {[%csl Gd3][%cal Re4h7]} Re8 {[#]} 18. Qh7+ $1 Kf8 19. Rac1 g5 20. Qe4 Re7 21. Bb1 {Threatens to win with Rd8+.} Bd7 22. Qb4 {And now Rd6 would win.} a5 23. Qd6 (23. Qc5 $142 {Hoping for Rd6.} Rc8 24. Qxa5) 23... Kg7 24. Qxf6+ (24. Qa3 $16) 24... Kxf6 $11 25. Be4 Be6 26. Rd6 Rc8 $1 {[%cal Rc8c1]} 27. Rxc8 Nxc8 28. Rd8 Rc7 {( -> ...Rc1+)} 29. h3 Ke7 30. Rd1 Nd6 31. Bb1 f6 32. Nd2 a4 33. Kf1 Nc4 (33... f5 $17) 34. Nxc4 Rxc4 {[%mdl 4096] Endgame KRB-KRB} 35. a3 Rc5 36. Bd3 Bb3 37. Rd2 Ke6 38. Ke2 Rc1 (38... f5 $5 {[%cal Re5e4]} 39. f3 Bc4 $11) 39. Bh7 Ke7 40. Bf5 Be6 (40... Bc4+ {seems wilder.} 41. Kf3 Be6 42. g4 b5 43. Be4 Bd7) 41. Rc2 Rg1 42. Bxe6 Kxe6 {KR-KR} 43. Kf3 Rb1 44. Kg4 Rg1 45. Kg3 Rb1 46. Kg4 Rg1 47. f3 e4 48. fxe4 Re1 49. Kf3 Rf1+ {The position is equal.} 50. Ke2 Rg1 51. Kf2 Rb1 52. Rd2 h5 53. Ke2 Rg1 54. Kf2 Rb1 55. Rc2 Ke5 56. Kf3 Rf1+ 57. Ke2 Rg1 58. Kf2 Rb1 59. Rd2 Ke6 60. Ke2 Rg1 61. Kf3 Rf1+ 62. Ke2 Ke5 $2 {[%mdl 40960] Accuracy: White = 66%, Black = 55%. . An unexpected result.} (62... Rg1 $11 63. Kf2 Rb1) 1/2-1/2

[Event "Stockholm Chess Challenge 2019"]
[Site "Stockholm"]
[Date "2019.04.29"]
[Round "6.5"]
[White "Sivaji Baskar S"]
[Black "Ojas Kulkarni"]
[Result "1/2-1/2"]
[WhiteElo "1630"]
[BlackElo "2240"]
[Annotator "TA"]
[PlyCount "118"]
[EventDate "2019.04.26"]
[EventType "swiss"]
[EventCountry "SWE"]
[SourceTitle "playchess.com"]
[Source "ChessBase"]
[SourceQuality "1"]

{[%evp 19,118,-19,6,-21,-32,-44,-19,-20,-12,-27,-22,-92,-70,-100,-108,-89,-92,-75,-82,-294,-301,-368,-366,-334,-51,-54,-56,-184,-170,-180,-179,-182,-184,-172,-103,-93,-63,-80,-46,-41,-61,-57,-48,-44,-43,-38,-30,-149,-132,-149,-106,-102,-107,-108,-66,-61,-69,-65,-46,-51,-22,-46,-18,-18,-18,-46,-23,-57,-51,-64,-51,-77,0,0,0,0,0,0,0,0,0,-8,0,0,0,0,0,0,0,0,0,0,0,0,0,0,0,0,0,0,0]} 1. Nf3 Nf6 2. c4 b6 3. g3 Bb7 4. Bg2 g6 5. b3 Bg7 6. Bb2 O-O 7. O-O c5 8. d4 cxd4 9. Nxd4 Bxg2 10. Kxg2 Qc8 11. Nd2 {A30: Symmetrical English: Double Fianchetto and Hedgehog} (11. Qd3 d6 12. Nc3 Nc6 13. Nxc6 Qxc6+ 14. Qf3 Qd7 15. Rfd1 Rac8 16. e4 Rc5 17. Nd5 Nxd5 18. Bxg7 Nf4+ 19. Qxf4 Kxg7 {½-½ (35) Velikanov,A (2317)-Troff,K (2545) Arlington 2015}) 11... Qb7+ 12. N2f3 $146 ({Predecessor:} 12. Kg1 d5 13. cxd5 Nxd5 14. Qc2 Nd7 15. Rac1 Rac8 16. Qb1 Rfd8 {½-½ (16) Maniocha,A (2191)-Schmidt,W (2398) Police 2011}) 12... d5 13. cxd5 Nxd5 14. Re1 e5 15. Nb5 (15. e4 $11) 15... Rd8 {aiming for ...a6.} 16. Qc1 Nc6 17. e4 Ndb4 $36 {[%mdl 2048] Threatens to win with ...Nd3. Keeping White busy.} 18. Rd1 Nd3 19. Qc3 $2 {[#]} (19. Qb1 $17 {was the only defense.} Nc5 20. Nd6) 19... Ncb4 $1 $19 20. a3 Rac8 21. Qd2 Nc6 $2 (21... Qxe4 $19 22. Nc3 Qf5) 22. Qe2 $15 Nxb2 23. Qxb2 ({Only move:} 23. Rxd8+ $1 $15 Rxd8 24. Qxb2) 23... Nd4 $1 $19 {[%cal Rd4b5]} 24. Nbxd4 exd4 25. Rd3 Qxe4 26. Qd2 Qd5 (26... Qa8 $19 27. Rd1 Re8) 27. Rd1 $17 Bf6 28. Qf4 $1 {[%cal Rf4f6]} Qd6 (28... Bh8 {is more complex.} 29. Kg1 Qd6 30. Qxd6 Rxd6 31. a4 Bf6) 29. Nxd4 Qxf4 30. gxf4 Bxd4 31. Rxd4 Rxd4 32. Rxd4 $15 {[%mdl 4096] Endgame KR-KR} Rc3 33. Rd7 (33. Rb4 $1 $11 {was the only way to keep the balance.}) 33... a5 ({But not} 33... Rxb3 34. Rxa7 b5 35. Ra5 $15) 34. b4 axb4 35. axb4 Rc4 36. f5 gxf5 37. Rd5 Rxb4 38. Rxf5 Re4 39. f4 Re7 40. Kf3 Rb7 41. Rb5 Kg7 42. Ke4 Kf6 43. f5 Kg5 44. Kf3 h5 45. Ke4 Kg4 (45... f6 $17) 46. Ke5 $11 {The position is equal.} Kh3 47. Kf6 Kxh2 48. Kg5 Kg3 49. Kxh5 Kf4 50. f6 Ke4 (50... Rb8 {feels hotter.} 51. Kh6 Rg8 52. Rb4+ Kf5 53. Rxb6 Rg1) 51. Kh6 Kd4 52. Kg7 Kc4 (52... Kc3 {keeps more tension.} 53. Re5 b5 54. Re1 b4 55. Re7 Rb8) 53. Re5 b5 {[%cal Bb6b5,Bb5b4,Bb4b3,Bb3b2][%mdl 32] [#]} 54. Re7 $1 {[%mdl 512]} Rb8 55. Rxf7 b4 56. Rc7+ Kd3 57. f7 b3 {Strongly threatening ...b2.} 58. f8=Q Rxf8 59. Kxf8 b2 {Accuracy: White = 49%, Black = 43%.} 1/2-1/2

[Event "Stockholm Chess Challenge 2019"]
[Site "Stockholm"]
[Date "2019.04.29"]
[Round "6.6"]
[White "Trost, Edvin"]
[Black "Dev, Shah"]
[Result "1/2-1/2"]
[WhiteElo "2075"]
[BlackElo "2020"]
[Annotator "NA RC"]
[PlyCount "93"]
[EventDate "2019.04.26"]
[EventType "swiss"]
[EventCountry "SWE"]
[SourceTitle "playchess.com"]
[Source "ChessBase"]
[SourceQuality "1"]
[TimeControl "40/5400+30:900+30"]

1. e4 {[%emt 0:00:00]} e5 {[%emt 0:00:38]} 2. Nf3 {[%emt 0:00:00]} Nc6 {[%emt 0:00:06]} 3. Bb5 {[%emt 0:00:16]} a6 {[%emt 0:00:07]} 4. Ba4 {[%emt 0:00:04]} Nf6 {[%emt 0:00:07]} 5. O-O {[%emt 0:00:06]} Nxe4 {[%emt 0:00:06]} 6. d4 {[%emt 0:00:03]} b5 {[%emt 0:00:08]} 7. Bb3 {[%emt 0:00:06]} d5 {[%emt 0:00:06]} 8. dxe5 {[%emt 0:00:04]} Be6 {[%emt 0:00:09]} 9. Nbd2 {[%emt 0:00:09]} Be7 {[%emt 0:00:29]} 10. c3 {[%emt 0:01:21]} Nc5 {[%emt 0:00:07]} 11. Bc2 {[%emt 0:00:21]} d4 {[%emt 0:00:06]} 12. cxd4 {[%emt 0:12:06]} Nxd4 {[%emt 0:00:16]} 13. Nxd4 {[%emt 0:01:41]} Qxd4 {[%emt 0:00:13]} 14. Nf3 {[%emt 0:01:29]} Qxd1 {[%emt 0:00:27]} 15. Rxd1 {[%emt 0:00:35]} O-O {[%emt 0:14:53]} 16. Be3 {[%emt 0:01:24]} Rad8 {[%emt 0:03:15]} 17. Nd4 {[%emt 0:01:01]} Bd7 {[%emt 0:03:11]} 18. Bf5 {[%emt 0:06:17]} Ne6 {[%emt 0:05:45]} 19. Nb3 {[%emt 0:01:28]} Bc6 {[%emt 0:10:44]} 20. Rdc1 {[%emt 0:03:24]} Bd5 {[%emt 0:10:26]} 21. Bxe6 {[%emt 0:00:24]} fxe6 {[%emt 0:01:55]} 22. Rxc7 {[%emt 0:00:20]} Bb4 {[%emt 0:11:28]} 23. Bc5 {[%emt 0:12:09]} Rf4 {[%emt 0:07:35]} 24. g3 {[%emt 0:07:51]} Rc4 {[%emt 0:00:36]} 25. Bxb4 {[%emt 0:01:11]} Rxb4 {[%emt 0:05:44]} 26. Rd1 {[%emt 0:00:02]} Re4 {[%emt 0:04:18]} 27. f4 {[%emt 0:02:40]} Re2 {[%emt 0:04:36]} 28. Rd2 {[%emt 0:02:34]} Rxd2 {[%emt 0:00:12]} 29. Nxd2 {[%emt 0:00:08]} Bxa2 {[%emt 0:00:05]} 30. Ne4 {[%emt 0:00:08]} Bd5 {[%emt 0:04:36]} 31. Nd6 {[%emt 0:00:34]} b4 {[%emt 0:03:23]} 32. Ra7 {[%emt 0:05:28]} Ra8 {[%emt 0:00:20]} 33. Rxa8+ {[%emt 0:00:05]} Bxa8 {[%emt 0:00:08]} 34. Kf2 {[%emt 0:00:04]} a5 {[%emt 0:00:30]} 35. Ke3 {[%emt 0:00:49]} a4 {[%emt 0:00:24]} 36. Kd4 {[%emt 0:01:41]} Bd5 {[%emt 0:00:12]} 37. Nc4 {[%emt 0:25:27]} Kf7 {[%emt 0:02:39]} 38. Ne3 {[%emt 0:00:08]} g6 {[%emt 0:03:46]} 39. g4 {[%emt 0:01:20]} Bb3 {[%emt 0:00:29]} 40. h4 {[%emt 0:00:35]} h5 {[%emt 0:00:57]} 41. g5 {[%emt 0:15:38]} Ke7 {[%emt 0:15:43]} 42. Nf1 {[%emt 0:04:05]} a3 {[%emt 0:00:00]} 43. bxa3 {[%emt 0:00:00]} bxa3 {[%emt 0:00:00]} 44. Kc3 {[%emt 0:00:00]} a2 {[%emt 0:00:00]} 45. Kb2 {[%emt 0:00:00]} Kd7 {[%emt 0:00:00]} 46. Ng3 {[%emt 0:00:00]} Kc6 {[%emt 0:00:00]} 47. Ne4 {[%emt 0:00:00]} 1/2-1/2

[Event "Stockholm Chess Challenge 2019"]
[Site "Stockholm"]
[Date "2019.04.29"]
[Round "6.8"]
[White "Kvaloy, Aksel Bu"]
[Black "Wernberg, Hugo"]
[Result "1-0"]
[WhiteElo "2138"]
[BlackElo "2009"]
[Annotator "NA RC"]
[PlyCount "47"]
[EventDate "2019.04.26"]
[EventType "swiss"]
[EventCountry "SWE"]
[SourceTitle "playchess.com"]
[Source "ChessBase"]
[SourceQuality "1"]
[TimeControl "40/5400+30:900+30"]

1. c4 {[%emt 0:00:00]} c5 {[%emt 0:00:00]} 2. g3 {[%emt 0:00:42]} g6 {[%emt 0:00:00]} 3. Bg2 {[%emt 0:00:50]} Bg7 4. Nc3 Nc6 {[%emt 0:00:04]} 5. d3 {[%emt 0:01:27]} d6 {[%emt 0:00:52]} 6. e3 {[%emt 0:00:45]} Bxc3+ {[%emt 0:00:56]} 7. bxc3 {[%emt 0:00:09]} Qd7 8. Ne2 b6 9. O-O Bb7 10. e4 O-O-O 11. Nf4 e6 12. a4 Nge7 13. Qe2 Rdg8 14. Rd1 h5 15. h4 Na5 16. Be3 Nec6 17. d4 Qe7 18. d5 Nd8 19. Bh3 Kc7 20. e5 exd5 21. Nxd5+ Bxd5 22. exd6+ Qxd6 23. Bf4 Qxf4 24. Qe7+ 1-0